| 000 | 00448nam a2200109Ia 4500 | ||
|---|---|---|---|
| 008 | 171204s9999 xx 000 0 und d | ||
| 245 | _aVisualising Powerful Knowledge to Develop the Expert Student: A Knowledge Structures Perspective on Teaching and Learning at University" | ||
| 245 | _cIan M Kinchin | ||
| 260 | _c2015 | ||
| 650 | _xField Study 2: Experiencing the Teaching/Learning Process | ||
| 856 | _uhttp://down.ebook777.com/052/9463006265.pdf | ||
| 999 |
_c345796 _d345796 |
||